Culture Générale - Série 2129 - Statistiques

Statistiques générales
  • Ce quiz a été pris 125 fois
  • Le résultat moyen est 6 sur 10
Statistiques - réponses
Question Réponse % Correct
Quelle est la capitale de la Jamaïque ? Kingston
83%
Qui fait "perdre la tête" à Dany Brillant dans sa chanson de 1991 ? Suzette
79%
Quel compositeur a été incarné par Tom Hulce et Lorànt Deutsch ? Mozart
70%
Dans quel pays se trouve la ville de Bayreuth ? Allemagne
69%
Dans le film "les Poupées russes" de C. Klapisch, qui incarne Xavier ? prénom et nom - voir photo Romain Duris
61%
Dans quelle ville est situé le siège de la Banque centrale européenne ? Francfort
53%
Qui vend sa maison en viager à Michel Galabru dans un film de 1971 ? prénom et nom Michel Serrault
44%
Quel surnom porte Joëlle Mazart incarnée par Véronique Jannot ? Pause-café
39%
En 2006, qui a mis en scène "Ben-Hur" au Stade de France ? prénom et nom Robert Hossein
33%
A quel groupe mythique doit-on le tube "Wish You Where Here" ? Pink Floyd
31%
Aucun quiz correspondant
Distribution des résultats
% des personnes avec chaque résultat
Percentile par nombre de réponses
Votre historique - résultats
Vous n’avez pas pris ce quiz